<?xml version="1.0" encoding="UTF-8"?>
<collection xmlns="http://www.loc.gov/MARC21/slim">
 <record>
  <leader>01629nam a2200349   4500</leader>
  <controlfield tag="001">DLU120144968</controlfield>
  <controlfield tag="005">##20121221</controlfield>
  <datafield tag="040" ind1="#" ind2="#">
   <subfield code="a">DLU</subfield>
   <subfield code="b">vie</subfield>
  </datafield>
  <datafield tag="041" ind1="#" ind2="#">
   <subfield code="a">vie</subfield>
  </datafield>
  <datafield tag="044" ind1="#" ind2="#">
   <subfield code="a">vn</subfield>
  </datafield>
  <datafield tag="082" ind1="#" ind2="#">
   <subfield code="a">332.12</subfield>
   <subfield code="b">Gia</subfield>
  </datafield>
  <datafield tag="245" ind1="#" ind2="#">
   <subfield code="a">Giáo trình nghiệp vụ ngân hàng thương mại /</subfield>
   <subfield code="c">Phan Thị Cúc chủ biên, ... [et al].</subfield>
  </datafield>
  <datafield tag="260" ind1="#" ind2="#">
   <subfield code="a">H. :</subfield>
   <subfield code="b">Thống kê,</subfield>
   <subfield code="c">2009.</subfield>
  </datafield>
  <datafield tag="300" ind1="#" ind2="#">
   <subfield code="a">405 tr. ;</subfield>
   <subfield code="c">24 cm.</subfield>
  </datafield>
  <datafield tag="505" ind1="#" ind2="#">
   <subfield code="a">Chương 1. Tổng quan ngân hàng thương mại trong bối cảnh hội nhập -- Chương 2. Nguồn vốn và quản lý nguồn vốn của ngân hàng thương mại -- Chương 3. Vấn đề chung về cho vay của ngân hàng thương mại -- Chương 4. Cho vay ngắn hạn của ngân hàng thương mại -- Chương 5. Cho vay trung dài hạn của ngân hàng thương mại -- Chương 6. Dịch vụ thanh toán của ngân hàng thương mại -- Chương 7. Dịch vụ khác của ngân hàng thương mại -- Chương 8. Rủi ro và nguyên tắc cơ bản quản lý, giảm thiểu rủi ro trong hoạt động ngân hàng thương mại.</subfield>
  </datafield>
  <datafield tag="650" ind1="#" ind2="#">
   <subfield code="a">Ngân hàng và nghiệp vụ ngân hàng</subfield>
   <subfield code="v">Giáo trình.</subfield>
  </datafield>
  <datafield tag="700" ind1="#" ind2="#">
   <subfield code="a">Đoàn Văn Huy,</subfield>
   <subfield code="c">ThS.</subfield>
  </datafield>
  <datafield tag="700" ind1="#" ind2="#">
   <subfield code="a">Huỳnh Thị Thuý Giang,</subfield>
   <subfield code="c">ThS.</subfield>
  </datafield>
  <datafield tag="700" ind1="#" ind2="#">
   <subfield code="a">Nguyễn Mỹ Linh,</subfield>
   <subfield code="c">ThS.</subfield>
  </datafield>
  <datafield tag="700" ind1="#" ind2="#">
   <subfield code="a">Nguyễn Thị Tuyết Nga,</subfield>
   <subfield code="c">ThS.</subfield>
  </datafield>
  <datafield tag="700" ind1="#" ind2="#">
   <subfield code="a">Phan Thị Cúc,</subfield>
   <subfield code="c">PGS.TS.</subfield>
   <subfield code="e">chủ biên</subfield>
  </datafield>
  <datafield tag="923" ind1="#" ind2="#">
   <subfield code="a">08/2012</subfield>
  </datafield>
  <datafield tag="991" ind1="#" ind2="#">
   <subfield code="a">GT</subfield>
  </datafield>
  <datafield tag="992" ind1="#" ind2="#">
   <subfield code="a">86000</subfield>
  </datafield>
  <datafield tag="994" ind1="#" ind2="#">
   <subfield code="a">DLU</subfield>
  </datafield>
  <datafield tag="900" ind1="#" ind2="#">
   <subfield code="a">True</subfield>
  </datafield>
  <datafield tag="911" ind1="#" ind2="#">
   <subfield code="a">Đào Thị Thu Huyền</subfield>
  </datafield>
  <datafield tag="925" ind1="#" ind2="#">
   <subfield code="a">G</subfield>
  </datafield>
  <datafield tag="926" ind1="#" ind2="#">
   <subfield code="a">A</subfield>
  </datafield>
  <datafield tag="927" ind1="#" ind2="#">
   <subfield code="a">SH</subfield>
  </datafield>
  <datafield tag="980" ind1="#" ind2="#">
   <subfield code="a">Thư viện Trường Đại học Đà Lạt</subfield>
  </datafield>
 </record>
</collection>
